〈ポケモン〉モンスターボールの種類 - Statistics

General Stats
  • This quiz has been taken 609 times
  • The average score is 20 of 36
Answer Stats
初登場 ヒント 種類 % Correct
赤緑 最も基本的な種類 モンスターボール
100%
赤緑 やや捕獲率が高い スーパーボール
99%
赤緑 とても捕獲率が高い ハイパーボール
99%
赤緑 必ずポケモンを捕獲できる マスターボール
98%
赤緑 サファリゾーン限定 サファリボール
92%
金銀 重いポケモンほど捕まえやすい ヘビーボール
87%
金銀 「つきのいし」で進化するポケモンが捕まえやすい ムーンボール
84%
ダイパ 戦闘の最初のターンのみ5倍の捕獲率を発動する クイックボール
82%
ダイパ 洞窟などの暗い所で効果を発揮する ダークボール
80%
ルビサファ みずとむしのタイプが入ったポケモンが捕まえやすい ネットボール
77%
ルビサファ ボールを10個以上買うとオマケでついてくる プレミアボール
77%
SM ウルトラビーストを捕獲するために作られた ウルトラボール
76%
ダイパ 捕まえた時点でポケモンのHPと状態異常を回復する ヒールボール
74%
ルビサファ ターンが過ぎれば過ぎるほど捕獲率が上がる タイマーボール
71%
ルビサファ 捕まえたポケモンが懐きやすくなる ゴージャスボール
71%
金銀 同種かつ性別の違うポケモンが捕まえやすい ラブラブボール
70%
金銀 素早さ100以上のポケモンを捕まえやすい スピードボール
69%
金銀 釣り上げたポケモンを捕まえやすい ルアーボール
68%
ルビサファ 相手のレベルが低いほど捕まえやすい ネストボール
68%
ルビサファ 水の世界で暮らすポケモンが捕まえやすい ダイブボール
66%
ルビサファ 捕まえたことがある種類のポケモンが捕まえやすい リピートボール
58%
金銀 相手のポケモンのレベルが低いほど捕まえやすい レベルボール
57%
ダイパ イベントで配布されたポケモンが入っている プレシャスボール
57%
金銀 捕まえた時点でかなり懐いている状態となる フレンドボール
44%
BW ねむり状態のポケモンが捕まえやすくなる ドリームボール
35%
HGSS HGSSの虫取り大会で使用できる コンペボール
31%
アルセウス 飛んでいるポケモンに有効 フェザーボール
23%
アルセウス 飛んでいるポケモンにとても有効 ジェットボール
19%
クリスタル クリスタルでセレビィに出会うために必要 ジーエスボール
18%
アルセウス 飛んでいるポケモンにより有効 ウイングボール
18%
金銀 金銀で自然公園の虫取りイベントで使用する パークボール
16%
アルセウス 不意を突く形で投げ当てると有効 メガトンボール
16%
アルセウス 不意を突く形で投げ当てるとかなり有効 ギガトンボール
15%
BDSP 『Pokémon HOME』で転送すると自動で変換される ストレンジボール
11%
アルセウス 荒ぶる伝説ポケモンを捕らえることができる オリジンボール
11%
SM ライドポケモンに対応している ライドギアボール
2%
No matching quizzes found
Score Distribution
Percent of People with Each Score
Percentile by Number Answered
Your Score History
You have not taken this quiz